Super Hard Henry Danger Quiz - Statistics

General Stats
  • This quiz has been taken 2,385 times
  • The average score is 9 of 16
Answer Stats
Question Answer % Correct
What criminal used to be Captain Man's sidekick? Drex
90%
What is Henry's new superpower? Hypermotility
86%
In "Danger and Thunder" who joined forces with Captain Man and Kid Danger to fight the Toddler? Pheobe
83%
What is Schwoz's last name? Schwarts
78%
What is the name of Charlotte's Uncle? Uncle Rosco
78%
What is Henry's middle name? Prudence
74%
Which love filled pastry does Captain Man eat? Muffin
69%
What is the name of Piper and Henry's step-uncle? (Uncle Hairneck) Mark
60%
What fruit is Henry dedicated to eating? Mango
55%
What is the name of the movie theater in "Spoiler Alert"? Swellview Monoplex
53%
What is Henry's Locker Number? #67
52%
What is the hair color of Coach Bix? (Episode: "Too Much Game") Brown
39%
What is Monica's full name? (Appears in Jasper Danger) Monica Wells
33%
What is the name of Oliver's weird cousin? Krisha
30%
What is Season 2 Episode 12 called? Text, Lies, and Video
28%
Who found out Harry's secret in Most recently? Jasper
16%
No matching quizzes found
Score Distribution
Percent of People with Each Score
Percentile by Number Answered
Your Score History
You have not taken this quiz